000 00490nam a22001697a 4500
005 20250411142042.0
008 250411b |||||||| |||| 00| 0 eng d
020 _a978-81-312-6943-5
041 _aeng
082 _a574.1
100 _aSATYANARAYANA, U AND CHAKRAPANI, U
_97222
245 _aBIOCHEMISTRY: REVIEW & ASSESSMENT [MCQ,s , clinical case studies & viva / short question, ]
250 _a6th ed, 2021
260 _aGURGAON
_bELSEVIER
_c2023
300 _a130;P
942 _cBK
999 _c8749
_d8747